The study of potential to develop tree regeneration by coppicing in community forestry in kampong kor commune preak prasap district compared with planted tree chhlong, សិក្សាស្វែងយល់ពីសក្ដានុពល ដើម្បីអភិវឌ្ឍន៍ដំណុះឈើដោយខ្នែងនៅក្នុងសហគមន៍ព្រៃឈើនៃឃុំកំពង់គរ ស្រុកព្រែកប្រសព្វ ប្រៀបធៀបទៅនឹងដំណុះឈើដាំនភឆ្លូង ស្រុកឆ្លូង ខេត្តក្រចេះ (Record no. 3256)

000 -LEADER
fixed length control field 00993nam a22001577a 4500
003 - CONTROL NUMBER IDENTIFIER
control field OSt
005 - DATE AND TIME OF LATEST TRANSACTION
control field 20151108155931.0
008 - FIXED-LENGTH DATA ELEMENTS--GENERAL INFORMATION
fixed length control field 151108b xxu||||| |||| 00| 0 eng d
040 ## - CATALOGING SOURCE
Transcribing agency RUA
082 ## - DEWEY DECIMAL CLASSIFICATION NUMBER
Classification number FOR HOU 2003 B129 Or.1
100 ## - MAIN ENTRY--PERSONAL NAME
9 (RLIN) 3490
Personal name HOUR, HENG.
245 ## - TITLE STATEMENT
Title The study of potential to develop tree regeneration by coppicing in community forestry in kampong kor commune preak prasap district compared with planted tree chhlong, សិក្សាស្វែងយល់ពីសក្ដានុពល ដើម្បីអភិវឌ្ឍន៍ដំណុះឈើដោយខ្នែងនៅក្នុងសហគមន៍ព្រៃឈើនៃឃុំកំពង់គរ ស្រុកព្រែកប្រសព្វ ប្រៀបធៀបទៅនឹងដំណុះឈើដាំនភឆ្លូង ស្រុកឆ្លូង ខេត្តក្រចេះ
260 ## - PUBLICATION, DISTRIBUTION, ETC. (IMPRINT)
Place of publication, distribution, etc. Phnom Penh
Name of publisher, distributor, etc. RUA
Date of publication, distribution, etc. 2003
300 ## - PHYSICAL DESCRIPTION
Extent 48p.
Other physical details ill.
Dimensions 29cm.
942 ## - ADDED ENTRY ELEMENTS (KOHA)
Source of classification or shelving scheme
Koha item type FOR
Holdings
Price effective from Date last seen Permanent Location Not for loan Date acquired Source of classification or shelving scheme Koha item type Lost status Withdrawn status Date last checked out Total Checkouts Shelving location Damaged status Barcode Current Location Full call number
2015-11-082015-11-08Library Block B 2015-11-08 FOR    B129 RUA028391Library Block BFOR HOU 2003 B129 Or.1
2015-11-082016-07-08Library Block B 2015-11-08 FOR  2016-06-262B129 RUA028457Library Block BFOR HOU 2003 B129 Or.2
2015-11-082015-11-08Library Block B 2015-11-08 FOR    B129 RUA028489Library Block BFOR HOU 2003 B129 Or.3
2015-11-112015-11-11Library Block B 2015-11-11 FOR    B129 rua41972Library Block BFOR HOU 2003 B129 Or.4
2015-11-112015-11-11Library Block B 2015-11-11 FOR    B129 rua002336Library Block BFOR HOU 2003 B129 Or.5
មជ្ឈមណ្ឌលឯការនៃសាកលវិទ្យាល័យភូមិន្ទកសិកម្មចំការដូង

Powered by Koha